Responses for show #2085 - Friday, October 1, 1993

Contestants

[<< previous game]

Lauri Haggard, a medical laboratory aide from Oxnard, California

Barry Kerman, an ophthalmologist from Woodland Hills, California

Pam McCully, a consultant from Los Angeles, California (whose 1-day cash winnings total $13,201)

[next game >>]

Jeopardy! Round responses

AMERICAN HISTORY
DIRECTORS ON FILM
COLORS
MEDICINE
BREAKFAST FOOD
QUOTATIONS
    $100 13
(Pam: What are frogs?)

locusts (grasshoppers)

PamBarry
    $100 18
(Pam: Who...is...Robert Redford?)

Clint Eastwood

PamLauri
    $100 6
pearl

Lauri
    $100 1
morning sickness

Barry
    $100 11
Canada

Barry
    $100 26
LBJ

Lauri
    $200 14
California

Lauri
    $200 22
Danny DeVito

Pam
    $200 7
brown

Barry
    $200 2
lung

Barry
    $200 12
waffle

Barry
    $200 27
(Barry: What is 1984?)

Animal Farm

PamBarry
    $300 15
(John) Marshall

Barry
    $300 23
Steven Spielberg

Pam
    $300 8
yellow

Barry
    $300 3
hearing

Barry
    $300 19
lox

Lauri
    $300 28
John Wilkes Booth

Barry
    $400 16
Committees of Correspondence

Triple Stumper
    $400 24
Spike Lee

Pam
    $400 9
aqua

Barry
    $400 4
botulism

Lauri
    $400 20
kippers

Barry
    $400 29
wise

Triple Stumper
    $500 17
McClellan

Pam
    $500 25
(1 of) Sydney Pollack (or Woody Allen)

Pam
    $500 10
dove

Lauri
    $500 5
Lister

Lauri
    $500 21
poached

Pam
    $500 30
(Pam: Who is Shepard?)

John Glenn

PamBarry

Scores at the first commercial break (after clue 15):

Pam Barry Lauri
-$100 $2,200 $1,700

Scores at the end of the Jeopardy! Round:

Pam Barry Lauri
$1,900 $3,200 $2,200

Double Jeopardy! Round responses

THE 20th CENTURY
SINGERS
RELIGIONS
NICKNAMES
THE WEST INDIES
LITERATURE
    $200 16
Lindbergh Act (Law)

Lauri
    $200 15
Bonnie Raitt

Pam
    $200 6
Mt. Fuji

Pam
    $200 11
(Pam: Who is Thor?)
...
(Alex: Correct response? Who is [*]?)
[Laughter from both Pam and the audience.]

Benjamin Franklin

Pam
Triple Stumper
    $200 1
China

Pam
    $400 17
Barbra Streisand

Lauri
    $400 7
Judaism

Pam
    $400 12
Custer

Lauri
    $400 27
Havana

Barry
    $400 2
Ben-Hur

Pam
    $600 18
Charo

Lauri
    $600 8
Hinduism

Pam
    $600 13
Stephen Douglas

Triple Stumper
    $600 26
sugar (sugarcane)

Barry
    $600 3
Gertrude Stein

Pam
    $1,500 22
Brazil

Pam
    $800 19
Madonna

Pam
    $1,000 9
Mecca & Medina

Pam
    $800 14
Annie Oakley

Lauri
    $800 25
Hispaniola

Barry
    $800 4
(Lauri: What is Bleak House?)

The Fall of the House of Usher

PamLauri
    $1000 23
Yemen

Pam
    $1000 20
Kenny Rogers

Triple Stumper
    $1000 10
(Pam: What is Zoro-as-trian?)
(Barry: What is Zoroasterism?)

Zoroastrianism

PamBarry
Triple Stumper
    $1000 21
(Pam: Who is...Henry Clay?)

Oliver Wendell Holmes

Pam
Triple Stumper
    $1000 24
bauxite

Lauri
    $1000 5
The Last Days of Pompeii

Triple Stumper

Scores at the end of the Double Jeopardy! Round:

Pam Barry Lauri
$7,400 $4,000 $4,800

[wagering suggestions for these scores]

Final Jeopardy! Round responses

HORSES
BarryWhat is Galway?
$1,201
LauriWhat is the Shetland pony?
$3,201
PamWhat is Aberdeen
$6,000
Clydesdale

Final scores:

Pam Barry Lauri
$1,400 $2,799 $1,599
3rd place: Allen Edmonds shoes & Wheel of Fortune + Jeopardy! for SNES & Sega Genesis New champion: $2,799 2nd place: trip on TWA to Honolulu with stay at Ala Moana Hotel

Game dynamics:

Coryat scores:

Pam Barry Lauri
$6,500 $4,000 $4,800
19 R
(including 2 DDs),
6 W
16 R,
2 W
14 R
(including 1 DD),
1 W

Combined Coryat: $15,300

The J! Archive is created by fans, for fans. The Jeopardy! game show and all elements thereof, including but not limited to copyright and trademark thereto, are the property of Jeopardy Productions, Inc. and are protected under law. This website is not affiliated with, sponsored by, or operated by Jeopardy Productions, Inc. Join the discussion at JBoard.tv.